Marauders Era Ships - Statistics

General Stats
  • This quiz has been taken 1,453 times
  • The average score is 14 of 24
Answer Stats
Hint Answer % Correct
Wolfstar Sirius Black + Remus Lupin
100%
Jegulily Regulus Black + Lily Evans + James Potter
83%
Starchaser Regulus Black + James Potter
81%
Rosekiller Barty Crouch Jr + Evan Rosier
77%
Bartylus Regulus Black + Barty Crouch Jr
72%
Flowerpott Lily Evans + James Potter
67%
Prongsfoot Sirius Black + James Potter
67%
Marylily Lily Evans + Mary Macdonald
66%
Dorlene Marlene McKinnon + Dorcas Meadowes
63%
Moonwater Regulus Black + Remus Lupin
63%
Blackinnon Sirius Black + Marlene McKinnon
63%
Marylene Mary Macdonald + Marlene McKinnon
62%
Tedromeda Andromeda Black + Ted Tonks
61%
Pandalily Lily Evans + Pandora
59%
Fralice Frank Longbottom + Alice
58%
Rosewater Regulus Black + Evan Rosier
55%
Moonrosekiller Barty Crouch Jr + Remus Lupin + Evan Rosier
53%
Nobleflower Narcissa Black + Alice
46%
Party Barty Crouch Jr + Peter Pettigrew
45%
Partyvan Barty Crouch Jr + Peter Pettigrew + Evan Rosier
43%
Quillkiller Bellatrix Black + Rita Skeeter
43%
Emmary Mary Macdonald + Emmeline Vance
42%
Bitchkiller Sirius Black + Barty Crouch Jr
25%
Bonus: Wiseflower Minerva McGonagall + Poppy Pomfrey
17%
No matching quizzes found
Score Distribution
Percent of People with Each Score
Percentile by Number Answered
Your Score History
You have not taken this quiz